Are You Smarter Than a College Student? XVII Quiz Stats

 Plays Quiz Updated Jul 31, 2018

Score 0/30 Timer 07:00
12 Plays Today
Hint Answer % Correct
EasyKardashian
95.2%
EasyKindle
92%
Easykoala
91.4%
EasyKiss
89.4%
Easykinetic
88.4%
Easykeyboard
86.8%
Easykidney
84.5%
EasyKiwi
83.5%
EasyKyiv
83%
EasyKnicks
80.9%
MediumKyoto
76.8%
MediumKrusty
76%
MediumKentucky
72.1%
MediumKesha
71.6%
MediumKeira Knightley
71.4%
Hint Answer % Correct
MediumKenya
64.9%
MediumKennedy
64.4%
Mediumkappa
61.6%
MediumKlingon
59.9%
MediumKwanzaa
57.7%
HardKing Kong
50.4%
HardKensington
49.6%
Hardkrypton
48.1%
HardKaboom!
44.5%
HardKubla Khan
42.1%
HardKevin Kline
38.9%
HardKLM
35.5%
HardKhmer
26.3%
HardKen Kesey
24.1%
HardKing Kamehameha
19.6%

You're not logged in!

Compare scores with friends on all Sporcle quizzes.
OR
Log In

You Might Also Like...

Show Comments

Extras

Top Quizzes Today


Score Distribution

Your Account Isn't Verified!

In order to create a playlist on Sporcle, you need to verify the email address you used during registration. Go to your Sporcle Settings to finish the process.

Report this User

Report this user for behavior that violates our Community Guidelines.

Details: